000 00300nam a22001097a 4500
999 _c59572
_d59572
005 20230317115307.0
008 230317s2010 fr ||||| |||| 00| 0 fre d
080 _a32
245 _aInstrument européen de voisinage et de partenariat
653 _aევროკავშირი
942 _2udc
_cBK